000 00577nam a2200157Ia 4500
003 SGT
020 _a9788177229974
082 _a6.7
_bBLA
100 _aBlack Book
245 _aWeb Technology
260 _bDreamtech Press
_aNew Delhi
_c2013
300 _a1354p.
650 _aCOMPUTER SCIENCE
653 _aWORKING WITH FUNCTIONS,ARRAYS,FILES AND DIRECTORIES,WORKING WITH FORMS AND DATABASE,EXPLORING COOKIES SESSIONS,AND PHP SECURITY,GETTING STARTED WITH WEB APPLICATION IN JAVA,WORKING WITH JAVA BEANS,WORKING WITH SERVLET PROGRAMMING,WORKING WITH JSP
942 _2ddc
_cBK
_06
999 _c5547
_d5547